| 000 | 00981nam a2200289Ia 4500 | ||
|---|---|---|---|
| 001 | Para_1021 | ||
| 003 | CHAP | ||
| 008 | 220125s1995 xx 000 0 und d | ||
| 010 | _a199681 | ||
| 040 | _cCHAP | ||
| 090 | _aPA TESIS 987 | ||
| 100 |
_aMolina Perez, Alfonso Roberto _977382 |
||
| 245 |
_aControl quimico del nematodo dorado de la papa Glodobera sostochiensis (Woll, 1923) Mulvey y Stone, 1976, en Villareal, Tlaxcala / _c por Alfonso Roberto Molina Perez |
||
| 260 |
_aChapingo, Méx. : _b El autor |
||
| 300 | _a68 h. | ||
| 502 | _aTesis (Ing. Agr. Esp. en Parasitología Agrícola) -- UACh. Depto. Parasitología | ||
| 650 |
_aGlodobera rostochiensis _9164666 |
||
| 650 |
_aNematicidas _980808 |
||
| 710 |
_aUACh. Departamento Parasitología Agrícola _9164025 |
||
| 901 | _aPA TESIS 987 | ||
| 902 | _aA | ||
| 905 | _a0000001995 a 0000000000 00 | ||
| 910 | _a1995 | ||
| 942 | _cPARA | ||
| 942 |
_cPARA _d1 |
||
| 999 |
_c199681 _d199681 |
||